Hidrolik : (Record no. 200128595)

MARC details
000 -LEADER
fixed length control field 01180 a2200373 4500
001 - CONTROL NUMBER
control field 200128595
003 - CONTROL NUMBER IDENTIFIER
control field TR-AnTOB
005 - DATE AND TIME OF LATEST TRANSACTION
control field 20231129161306.0
008 - FIXED-LENGTH DATA ELEMENTS--GENERAL INFORMATION
fixed length control field 140704s2000 tu 000 0
020 ## - INTERNATIONAL STANDARD BOOK NUMBER
International Standard Book Number 9759555115
040 ## - CATALOGING SOURCE
Original cataloging agency TR-AnTOB
Transcribing agency TR-AnTOB
Language of cataloging eng
Description conventions rda
041 ## - LANGUAGE CODE
Language code of text/sound track or separate title Türkçe
050 #0 - LIBRARY OF CONGRESS CALL NUMBER
Classification number TC157
Item number .M4719 2000
090 ## - LOCALLY ASSIGNED LC-TYPE CALL NUMBER (OCLC); LOCAL CALL NUMBER (RLIN)
Classification number (OCLC) (R) ; Classification number, CALL (RLIN) (NR) TC157 .M4719 2000
100 1# - MAIN ENTRY--PERSONAL NAME
Personal name Merkle, D.
9 (RLIN) 86778
245 10 - TITLE STATEMENT
Title Hidrolik :
Remainder of title temel seviye TP 501 öğretim kitabı /
Statement of responsibility, etc. D. Merkle, B.Schrader ,Karcı, H..
264 #1 - PRODUCTION, PUBLICATION, DISTRIBUTION, MANUFACTURE, AND COPYRIGHT NOTICE
Place of production, publication, distribution, manufacture İstanbul:
Name of producer, publisher, distributor, manufacturer Festo Sanayi,
Date of production, publication, distribution, manufacture, or copyright notice 2000
300 ## - PHYSICAL DESCRIPTION
Extent 308 p. :
Other physical details ill. ;
Dimensions 29 cm.
336 ## - CONTENT TYPE
Source rdacontent
Content type term text
Content type code txt
337 ## - MEDIA TYPE
Source rdamedia
Media type term unmediated
Media type code n
338 ## - CARRIER TYPE
Source rdacarrier
Carrier type term volume
Carrier type code nc
590 ## - LOCAL NOTE (RLIN)
Local note Prof. Dr. Yücel Ercan tarafından bağışlanmıştır.
650 #7 - SUBJECT ADDED ENTRY--TOPICAL TERM
Topical term or geographic name entry element Hidrolik akışkanlar
Source of heading or term etuturkob
9 (RLIN) 86782
Topical term or geographic name entry element Hydraulic fluids
9 (RLIN) 86784
Topical term or geographic name entry element Hydraulic engineering
9 (RLIN) 86785
Topical term or geographic name entry element Hidrolik mühendisliği
Source of heading or term etuturkob
9 (RLIN) 86783
Topical term or geographic name entry element Hidrolik türbinler
9 (RLIN) 124600
700 1# - ADDED ENTRY--PERSONAL NAME
Personal name Karcı, H.
9 (RLIN) 86779
Personal name Thomas, M.
9 (RLIN) 86780
Personal name Schrader, B.
9 (RLIN) 86781
Personal name Schrader, B.
9 (RLIN) 86781
942 ## - ADDED ENTRY ELEMENTS (KOHA)
Koha item type Book
Source of classification or shelving scheme Library of Congress Classification
Holdings
Withdrawn status Lost status Source of classification or shelving scheme Not for loan Collection code Home library Current library Shelving location Date acquired Source of acquisition Cost, normal purchase price Serial Enumeration / chronology Inventory number Total Checkouts Total Holds Full call number Barcode Copy number Cost, replacement price Date shelved Koha item type
      Ödünç Verilebilir / Available Genel Koleksiyon Merkez Kütüphane Merkez Kütüphane Genel Koleksiyon / Main Collection 06/02/2013 Bağış / Donation 0.00 1 MAK     TC157 .M4719 2000 0039304 1 0.01   Book
Devinim Yazılım Eğitim Danışmanlık tarafından Koha'nın orjinal sürümü uyarlanarak geliştirilip kurulmuştur.